00597 2200229 4500001002100000005001500021035002000036245004000056100003300096250001000129300003000139700002100169264004300190336002100233337002000254338001800274082001000292084001600302020002200318650001400340990001300354INLIS00000000000237320250811010623 a0010-08250001031 aI Have A Dream /cArif Rahman Lubis0 aArif Rahman LubisePengarang aCet.1 aiv, 288 hlm :b- ;c20 cm0 aTreeePenyunting aJakarta Selatan :bQultum Media,c2017 2rdacontentaTeks 2rdamediaaCetak 2rdacarriera- a153.8 a153.8 ARI i a978-979-017-371-2 4aPsikologi a25000581